书目信息 |
| 题名: |
60分钟读懂宏观经济学
|
|
| 作者: | 谷宏伟 著 | |
| 分册: | ||
| 出版信息: | 北京 商务印书馆 2016 |
|
| 页数: | 174页 | |
| 开本: | 21cm | |
| 丛书名: | ||
| 单 册: | ||
| 中图分类: | F015 | |
| 科图分类: | ||
| 主题词: | 宏观经济学--Hong Guan Jing Ji Xue--通俗读物 | |
| 电子资源: | ||
| ISBN: | 978-7-100-12005-0 | |
| 000 | 01235nam0 2200241 450 | |
| 001 | 2016032473 | |
| 005 | 20170621111622.28 | |
| 010 | @a978-7-100-12005-0@b@dCNY26.00 | |
| 100 | @a20160210d2016 em y0chiy0110 ea | |
| 101 | 0 | @achi |
| 102 | @aCN@b110000 | |
| 105 | @ay z 000yy | |
| 106 | @ar | |
| 200 | 1 | @a60分钟读懂宏观经济学@A60 Fen Zhong Du Dong Hong Guan Jing Ji Xue@f谷宏伟著@g |
| 210 | @a北京@c商务印书馆@d2016 | |
| 215 | @a174页@c@d21cm | |
| 330 | @a宏观经济学读本,市面已汗牛充栋;然而其中多数为西方学者作品之翻译引进,虽说理透彻,但其中所引释例大多源自西方经济体系,而我国的经济体系在规则、流程、机构设置等诸多方面都与西方存在着显见的差异,故而西方经济学著作所举的很多例子会让中国读者有如堕五里雾中之感觉。而本书并不过分着力于对经济理论的深入解释,更倾向于对于宏观经济知识的一种介绍和普及,同时,所引释例大多取自国内,并加入了一些近年来中国经济中热点问题的分析,有助于国内读者通过自己相对了解的一些现实来增强对经济理论和经济概念的领会与把握。可以说,这是一本专门针对中国普通大众读者的宏观经济学简明读本。 | |
| 606 | 0 | @a宏观经济学@AHong Guan Jing Ji Xue@x通俗读物 |
| 690 | @aF015@v5 | |
| 701 | 0 | @a谷宏伟@AGu Hong Wei@4著 |
| 801 | 0 | @aCN@bZHONGJIAO@c20170609@g |
| 905 | @aBZT@dF015@e11 | |
| 906 | @dCNY26.00@n3@r1 | |
| 60分钟读懂宏观经济学/谷宏伟著.-北京:商务印书馆,2016 |
| 174页;21cm |
| ISBN 978-7-100-12005-0:CNY26.00 |
| 宏观经济学读本,市面已汗牛充栋;然而其中多数为西方学者作品之翻译引进,虽说理透彻,但其中所引释例大多源自西方经济体系,而我国的经济体系在规则、流程、机构设置等诸多方面都与西方存在着显见的差异,故而西方经济学著作所举的很多例子会让中国读者有如堕五里雾中之感觉。而本书并不过分着力于对经济理论的深入解释,更倾向于对于宏观经济知识的一种介绍和普及,同时,所引释例大多取自国内,并加入了一些近年来中国经济中热点问题的分析,有助于国内读者通过自己相对了解的一些现实来增强对经济理论和经济概念的领会与把握。可以说,这是一本专门针对中国普通大众读者的宏观经济学简明读本。 |
| ● |
| 相关链接 |
|
|
|
正题名:60分钟读懂宏观经济学
索取号:F015/11
 
预约/预借
| 序号 | 登录号 | 条形码 | 馆藏地/架位号 | 状态 | 备注 |
| 1 | 832712 | 2000832712 | 第二书库/ [索取号:F015/11] |
已借出,限还日期为2026.04.22 借出人:陈俊山 |
|
| 2 | 832713 | 2000832713 | 第二书库/ [索取号:F015/11] | 在馆 | |
| 3 | 832714 | 2000832714 | 第二书库/ [索取号:F015/11] | 在馆 |